日本政府の外局 - Statistics

General Stats
  • This quiz has been taken 39 times
  • The average score is 13 of 27
Answer Stats
Hint Answer % Correct
総務省 消防庁
77%
文部科学省 文化庁
70%
農林水産省 林野庁
70%
文部科学省 スポーツ庁
67%
経済産業省 資源エネルギー庁
67%
防衛省 防衛装備庁
67%
農林水産省 水産庁
63%
内閣府 金融庁
60%
国土交通省 気象庁
60%
国土交通省 海上保安庁
57%
財務省 国税庁
53%
国土交通省 観光庁
53%
内閣府 国家公安委員会
50%
環境省 原子力規制委員会
50%
内閣府 公正取引委員会
47%
内閣府 消費者庁
47%
経済産業省 特許庁
47%
経済産業省 中小企業庁
43%
法務省 出入国在留管理庁
40%
法務省 公安調査庁
40%
総務省 公害等調整委員会
37%
内閣府 子ども家庭庁
33%
国土交通省 運輸安全委員会
30%
内閣府 個人情報保護委員会
23%
内閣府 カジノ管理委員会
23%
厚生労働省 中央労働委員会
20%
法務省 公安審査委員会
13%
No matching quizzes found
Score Distribution
Percent of People with Each Score
Percentile by Number Answered
Your Score History
You have not taken this quiz